Planificación estratégica de sistemas de información documentales
Furkejuvvon:
| Searvvušdahkki: | |
|---|---|
| Materiálatiipa: | Texto |
| Almmustuhtton: |
Santiago:
ONU. CEPAL. CLADES
|
| Fáddágilkorat: |
Lasit fáddágilkoriid
Eai fáddágilkorat, Lasit vuosttaš fáddágilkora!
|
MARC
| LEADER | 00000 a a2200000 04500 | ||
|---|---|---|---|
| 001 | 14718 | ||
| 003 | |||
| 040 | |||
| 090 | |a 1003 C733p | ||
| 110 | |a Comisión Económica para América Latina y el Caribe | ||
| 245 | |a Planificación estratégica de sistemas de información documentales | ||
| 260 | |a Santiago: |b ONU. CEPAL. CLADES | ||
| 300 | |a 45 p. | ||
| 999 | |c 13209 |d 13209 | ||
